36徳島県の市町村(選択形式) - Statistics

General Stats
  • This quiz has been taken 23 times
  • The average score is 17 of 24
Answers on the Map
Answers color-coded by a green-red scale on the quiz's map according to % correct below.
 
Answer Stats
Answer % Correct
02:鳴門市
88%
01:徳島市
81%
07:美馬市
81%
19:北島町
81%
20:藍住町
81%
03:小松島市
75%
04:阿南市
75%
08:三好市
75%
14:那賀町
75%
15:牟岐町
75%
17:海陽町
75%
24:東みよし町
75%
05:吉野川市
69%
06:阿波市
69%
10:上勝町
69%
11:佐那河内村
69%
12:石井町
69%
16:美波町
69%
18:松茂町
69%
23:つるぎ町
69%
09:勝浦町
63%
13:神山町
63%
22:上板町
63%
21:板野町
56%
No matching quizzes found
Score Distribution
Percent of People with Each Score
Percentile by Number Answered
Your Score History
You have not taken this quiz